Score 0/29 Timer 04:00
0 Plays Today
What Book Series It Is In Book Name % Correct
Percy Jackson And The OlympiansThe Sea Of Monsters
90.3%
Percy Jackson And The OlympiansThe Lightning Thief
89.5%
Percy Jackson And The OlympiansThe Last Olympian
87.1%
Percy Jackson And The OlympiansThe Titans Curse
83.1%
Percy Jackson And The OlympiansThe Battle Of The Labyrinth
81.5%
Heroes Of OlympusThe Lost Hero
77.4%
Heroes Of OlympusThe Son Of Neptune
76.6%
Heroes Of OlympusThe Mark Of Athena
75%
Heroes Of OlympusThe House Of Hades
74.2%
Heroes Of OlympusThe Blood Of Olympus
73.4%
The Kane ChroniclesThe Red Pyramid
60.5%
Percy Jackson And The OlympiansThe Demigod Files
50%
Magnus Chase And The Gods Of AsgardThe Sword Of Summer
50%
The Kane ChroniclesThe Throne Of Fire
44.4%
Percy Jackson And The OlympiansThe Demigod Diaries
43.5%
What Book Series It Is In Book Name % Correct
Percy Jackson And The OlympiansGreek Gods
20.2%
The Kane ChroniclesThe Son Of Sobek
14.5%
The 39 CluesThe Maze Of Bones
12.1%
The Kane Chronicles The Serpants Shadow
8.9%
The 39 CluesVespers Rising
4%
Tres NavarresBig Red Tequilla
4%
Tres NavarresThe Devil Went Down To Austin
3.2%
Tres NavarresThe Last King Of Texas
2.4%
Tres NavarresThe Widowers Two Step
2.4%
Tres NavarresRebel Island
2.4%
Tres NavarresSouth Town
1.6%
Tres NavarresMission Road
1.6%
OthersThe Cold Springs
1.6%
The Kane ChroniclesThe Kane Chronicles Survival Guide
0.8%
Remove Ads.
Support Sporcle.
Get the best of Sporcle when you Go Orange. This ad-free experience offers more features, more stats, and more fun while also helping to support Sporcle. Thank you for becoming a member.

You're not logged in!

Compare scores with friends on all Sporcle quizzes.
OR
Log In

Show Comments

Extras

Top Quizzes Today


Score Distribution

Your Account Isn't Verified!

In order to create a playlist on Sporcle, you need to verify the email address you used during registration. Go to your Sporcle Settings to finish the process.

Report this User

Report this user for behavior that violates our Community Guidelines.

Details: